| 000 | 00475nam a2200157Ia 4500 | ||
|---|---|---|---|
| 999 |
_c18586 _d18586 |
||
| 003 | OSt | ||
| 005 | 20200603103829.0 | ||
| 008 | 190216s9999||||xx |||||||||||||| ||und|| | ||
| 040 | _coclc | ||
| 082 |
_a320.973 _bHAT/G |
||
| 100 |
_aHathorn, Guy B _92502 |
||
| 245 | 0 |
_aGovernment And Politics Of United States / _cGuy B Hathorn |
|
| 260 |
_bD -van Nostrand Co., _c1965. _aNew York: |
||
| 300 | _a816p | ||
| 942 |
_cBK _2ddc _h320.973 _iHAT/G _k320.973 _mHAT/G |
||